000 00439nam a2200181Ia 4500
001 9858
005 20260306161749.0
008 260306t2020||||xx |||||||||||||| ||spa||
041 _aESP
082 _a801
_bR11
100 _aRabí do Carmo, Alonso
_eAUT
245 0 _aEl texto literario:
_baportes para su estudio
260 _c2020
300 _a130 páginas :
_c28 cm.
650 _aGEN
654 _aCHU
942 _cLIB
_dJUS
_fJUS
_2ddc
_n
999 _c9858
_d9858